[Event "GER-chT Youth Countries 2018"]
[Site "Wurzburg"]
[Date "2018.10.06"]
[Round "6"]
[White "Wagner, Margarethe"]
[Black "Roessel, Gino"]
[Result "0-1"]
[WhiteElo "1643"]
[BlackElo "1778"]
[Annotator "NA RC"]
[PlyCount "68"]
[EventDate "2018.10.03"]
[EventType "team-tourn"]
[EventCountry "GER"]
[SourceTitle "playchess.com"]
[Source "ChessBase"]
[SourceQuality "1"]
[TimeControl "40/5400+30:1800+30"]

1. e4 {[%emt 0:00:00]} c5 {[%emt 0:00:00]} 2. Nf3 {[%emt 0:00:00]} d6 {[%emt 0:00:00]} 3. d4 {[%emt 0:00:00]} cxd4 {[%emt 0:00:00]} 4. Nxd4 {[%emt 0:00:00]} Nf6 {[%emt 0:00:00]} 5. Nc3 {[%emt 0:00:21]} a6 {[%emt 0:00:02]} 6. f3 {[%emt 0:00:53]} e5 {[%emt 0:00:10]} 7. Nb3 {[%emt 0:00:09]} Be6 {[%emt 0:00:13]} 8. Be3 {[%emt 0:00:49]} Be7 {[%emt 0:00:18]} 9. Qd2 {[%emt 0:01:15]} O-O {[%emt 0:01:10]} 10. O-O-O {[%emt 0:00:55]} Nbd7 {[%emt 0:01:38]} 11. g4 {[%emt 0:01:05]} b5 {[%emt 0:01:33]} 12. h4 {[%emt 0:03:44]} Nb6 {[%emt 0:04:37]} 13. Bd3 {[%emt 0:06:28]} b4 {[%emt 0:06:46]} 14. Ne2 {[%emt 0:00:21]} a5 {[%emt 0:01:18]} 15. Kb1 {[%emt 0:09:44]} Qc7 {[%emt 0:11:40]} 16. h5 {[%emt 0:03:32]} Nc4 {[%emt 0:06:48]} 17. Bxc4 {[%emt 0:01:17]} Bxc4 {[%emt 0:00:12]} 18. Nbc1 {[%emt 0:06:16]} Ra6 {[%emt 0:10:20]} 19. Nd3 {[%emt 0:03:07]} Rc8 {[%emt 0:13:15]} 20. Rc1 {[%emt 0:04:32]} Qb7 {[%emt 0:06:00]} 21. g5 {[%emt 0:02:46]} Nd7 {[%emt 0:01:29]} 22. Ng3 {[%emt 0:01:48]} Be6 {[%emt 0:04:10]} 23. g6 {[%emt 0:02:07]} Rb8 {[%emt 0:01:20]} 24. gxf7+ {[%emt 0:08:24]} Kxf7 {[%emt 0:02:37]} 25. h6 {[%emt 0:05:42]} g6 {[%emt 0:00:29]} 26. f4 {[%emt 0:02:03]} a4 {[%emt 0:01:53]} 27. fxe5 {[%emt 0:02:40]} Nxe5 {[%emt 0:02:13]} 28. Rhf1+ {[%emt 0:03:34]} Kg8 {[%emt 0:01:16]} 29. Nxe5 {[%emt 0:01:58]} dxe5 {[%emt 0:00:08]} 30. Bg5 {[%emt 0:06:45]} b3 {[%emt 0:02:02]} 31. cxb3 {[%emt 0:02:52]} axb3 {[%emt 0:00:59]} 32. a3 {[%emt 0:00:20]} Bxa3 {[%emt 0:04:29]} 33. bxa3 {[%emt 0:00:35]} b2 {[%emt 0:03:27]} 34. Rc2 {[%emt 0:01:53]} Ba2+ {[%emt 0:00:56]} 0-1

[Event "GER-chT Youth Countries 2018"]
[Site "Wurzburg"]
[Date "2018.10.06"]
[Round "6"]
[White "Roncea, Andrea-Alexandra"]
[Black "Schulz, Hannah"]
[Result "0-1"]
[WhiteElo "1515"]
[BlackElo "1527"]
[Annotator "NA RC"]
[PlyCount "112"]
[EventDate "2018.10.03"]
[EventType "team-tourn"]
[EventCountry "GER"]
[SourceTitle "playchess.com"]
[Source "ChessBase"]
[SourceQuality "1"]
[TimeControl "40/5400+30:1800+30"]

1. e4 {[%emt 0:00:00]} c6 {[%emt 0:00:00]} 2. d4 {[%emt 0:00:00]} d5 {[%emt 0:00:00]} 3. exd5 {[%emt 0:00:00]} cxd5 {[%emt 0:00:00]} 4. Bd3 {[%emt 0:00:00]} Nc6 {[%emt 0:00:00]} 5. c3 {[%emt 0:00:00]} g6 {[%emt 0:00:11]} 6. Nf3 {[%emt 0:00:47]} Nf6 {[%emt 0:00:24]} 7. Nbd2 {[%emt 0:00:18]} Bg7 {[%emt 0:00:09]} 8. O-O {[%emt 0:01:00]} O-O {[%emt 0:00:08]} 9. Re1 {[%emt 0:01:05]} Bf5 {[%emt 0:01:32]} 10. Bxf5 {[%emt 0:00:52]} gxf5 {[%emt 0:00:08]} 11. h3 {[%emt 0:01:55]} e6 {[%emt 0:06:06]} 12. Ne5 {[%emt 0:03:05]} Ne4 {[%emt 0:07:15]} 13. Nxc6 {[%emt 0:00:23]} bxc6 {[%emt 0:00:08]} 14. Nxe4 {[%emt 0:00:21]} fxe4 {[%emt 0:00:43]} 15. Re3 {[%emt 0:04:21]} Kh8 {[%emt 0:02:29]} 16. Rg3 {[%emt 0:02:51]} Rg8 {[%emt 0:02:25]} 17. Qh5 {[%emt 0:08:18]} Qe7 {[%emt 0:01:30]} 18. Bf4 {[%emt 0:11:38]} Raf8 {[%emt 0:07:46]} 19. Rxg7 {[%emt 0:12:31]} Rxg7 {[%emt 0:01:27]} 20. Bh6 {[%emt 0:00:44]} Rfg8 {[%emt 0:04:12]} 21. Bxg7+ {[%emt 0:04:17]} Rxg7 {[%emt 0:00:45]} 22. Qe2 {[%emt 0:02:25]} Qg5 {[%emt 0:05:00]} 23. g3 {[%emt 0:07:07]} e3 {[%emt 0:04:42]} 24. Kh2 {[%emt 0:03:56]} exf2 {[%emt 0:04:00]} 25. Qxf2 {[%emt 0:01:33]} Rg6 {[%emt 0:04:27]} 26. Rf1 {[%emt 0:02:17]} Rg7 {[%emt 0:10:24]} 27. Qf4 {[%emt 0:03:22]} Qxf4 {[%emt 0:01:11]} 28. Rxf4 {[%emt 0:00:23]} f5 {[%emt 0:01:19]} 29. Rf1 {[%emt 0:01:48]} Rb7 {[%emt 0:00:40]} 30. b3 {[%emt 0:00:38]} Kg7 {[%emt 0:06:09]} 31. Kg2 {[%emt 0:01:56]} Kg6 {[%emt 0:02:15]} 32. Kf3 {[%emt 0:01:10]} Kg5 {[%emt 0:01:30]} 33. h4+ {[%emt 0:01:58]} Kg6 {[%emt 0:04:21]} 34. Kf4 {[%emt 0:00:31]} Kf6 {[%emt 0:00:30]} 35. Re1 {[%emt 0:02:32]} h5 {[%emt 0:01:27]} 36. Kf3 {[%emt 0:01:53]} Rg7 {[%emt 0:01:08]} 37. Rc1 {[%emt 0:04:39]} Rg4 {[%emt 0:02:14]} 38. Rg1 {[%emt 0:03:30]} e5 {[%emt 0:05:22]} 39. dxe5+ {[%emt 0:03:24]} Kxe5 {[%emt 0:00:26]} 40. Re1+ {[%emt 0:03:09]} Re4 {[%emt 0:00:36]} 41. Rd1 {[%emt 0:07:30]} f4 {[%emt 0:06:07]} 42. gxf4+ {[%emt 0:06:36]} Rxf4+ {[%emt 0:00:28]} 43. Kg3 {[%emt 0:01:04]} Rg4+ {[%emt 0:00:12]} 44. Kh3 {[%emt 0:00:40]} Re4 {[%emt 0:05:54]} 45. Rg1 {[%emt 0:07:10]} Re3+ {[%emt 0:00:53]} 46. Kh2 {[%emt 0:00:50]} Rxc3 {[%emt 0:03:33]} 47. Rg5+ {[%emt 0:02:02]} Kf4 {[%emt 0:00:29]} 48. Rxh5 {[%emt 0:00:11]} Kg4 {[%emt 0:00:47]} 49. Rg5+ {[%emt 0:01:06]} Kxh4 {[%emt 0:00:25]} 50. Rg2 {[%emt 0:00:14]} Rh3+ {[%emt 0:00:28]} 51. Kg1 {[%emt 0:00:25]} Rg3 {[%emt 0:00:14]} 52. Kf2 {[%emt 0:00:17]} Rxg2+ {[%emt 0:00:08]} 53. Kxg2 {[%emt 0:00:10]} Kg4 {[%emt 0:00:13]} 54. Kf2 {[%emt 0:00:08]} Kf4 {[%emt 0:00:14]} 55. Ke2 {[%emt 0:00:13]} Ke4 {[%emt 0:00:14]} 56. Kd2 {[%emt 0:00:17]} Kd4 {[%emt 0:00:12]} 0-1

[Event "GER-chT Youth Countries 2018"]
[Site "Wurzburg"]
[Date "2018.10.06"]
[Round "6"]
[White "Woerz, Ann-Sophie"]
[Black "Hubert, Charlotte"]
[Result "1-0"]
[WhiteElo "1463"]
[BlackElo "1376"]
[Annotator "NA RC"]
[PlyCount "90"]
[EventDate "2018.10.03"]
[EventType "team-tourn"]
[EventCountry "GER"]
[SourceTitle "playchess.com"]
[Source "ChessBase"]
[SourceQuality "1"]
[TimeControl "40/5400+30:1800+30"]

1. e4 {[%emt 0:00:00]} e5 {[%emt 0:00:00]} 2. Nf3 {[%emt 0:00:00]} Nf6 {[%emt 0:00:00]} 3. Nxe5 {[%emt 0:00:00]} d6 {[%emt 0:00:00]} 4. Nf3 {[%emt 0:00:00]} Nxe4 {[%emt 0:00:00]} 5. Nc3 {[%emt 0:00:11]} Nxc3 {[%emt 0:01:02]} 6. dxc3 {[%emt 0:00:11]} Be7 {[%emt 0:00:22]} 7. Be3 {[%emt 0:00:28]} Nc6 {[%emt 0:01:41]} 8. Qd2 {[%emt 0:01:14]} Be6 {[%emt 0:02:11]} 9. Bd3 {[%emt 0:05:22]} Qd7 {[%emt 0:04:55]} 10. a3 {[%emt 0:02:09]} O-O-O {[%emt 0:03:50]} 11. O-O-O {[%emt 0:01:31]} Bf6 {[%emt 0:09:04]} 12. h3 {[%emt 0:05:14]} h6 {[%emt 0:03:17]} 13. Bb5 {[%emt 0:04:02]} a6 {[%emt 0:03:20]} 14. Ba4 {[%emt 0:04:25]} Rhe8 {[%emt 0:06:01]} 15. Bd4 {[%emt 0:06:11]} Bxd4 {[%emt 0:06:49]} 16. cxd4 {[%emt 0:02:53]} b5 {[%emt 0:04:55]} 17. Bxb5 {[%emt 0:03:30]} axb5 {[%emt 0:00:10]} 18. d5 {[%emt 0:00:16]} Bf5 {[%emt 0:04:30]} 19. dxc6 {[%emt 0:00:48]} Qxc6 {[%emt 0:00:16]} 20. Nd4 {[%emt 0:01:41]} Qd7 {[%emt 0:01:48]} 21. Qa5 {[%emt 0:02:36]} Be4 {[%emt 0:14:44]} 22. f3 {[%emt 0:06:01]} Bb7 {[%emt 0:03:27]} 23. Qxb5 {[%emt 0:03:33]} Qxb5 {[%emt 0:01:14]} 24. Nxb5 {[%emt 0:00:02]} Re2 {[%emt 0:00:49]} 25. Rd2 {[%emt 0:00:58]} Rde8 {[%emt 0:01:22]} 26. Nc3 {[%emt 0:01:40]} R2e6 {[%emt 0:03:12]} 27. Kd1 {[%emt 0:03:32]} Rg6 {[%emt 0:01:15]} 28. Re1 {[%emt 0:01:51]} Rxe1+ {[%emt 0:01:41]} 29. Kxe1 {[%emt 0:00:24]} Kd7 {[%emt 0:00:26]} 30. b4 {[%emt 0:03:32]} Kc6 {[%emt 0:03:22]} 31. Kf2 {[%emt 0:02:58]} Kb6 {[%emt 0:04:08]} 32. Nd5+ {[%emt 0:09:09]} Bxd5 {[%emt 0:01:41]} 33. Rxd5 {[%emt 0:00:21]} Re6 {[%emt 0:02:43]} 34. c4 {[%emt 0:02:06]} Re8 {[%emt 0:02:18]} 35. a4 {[%emt 0:04:12]} Ra8 {[%emt 0:03:27]} 36. Rb5+ {[%emt 0:02:59]} Kc6 {[%emt 0:00:46]} 37. a5 {[%emt 0:01:22]} f6 {[%emt 0:01:34]} 38. Ke3 {[%emt 0:00:40]} Ra6 {[%emt 0:01:53]} 39. Rb8 {[%emt 0:01:31]} Kd7 {[%emt 0:01:10]} 40. Kd4 {[%emt 0:02:06]} g5 {[%emt 0:03:15]} 41. Rh8 {[%emt 0:32:10]} Ke7 {[%emt 0:01:29]} 42. Rxh6 {[%emt 0:00:00]} Ke6 {[%emt 0:03:16]} 43. g3 {[%emt 0:00:00]} Ke7 {[%emt 0:01:16]} 44. h4 {[%emt 0:00:00]} gxh4 {[%emt 0:00:24]} 45. gxh4 {[%emt 0:00:00]} Ke8 1-0

[Event "GER-chT Youth Countries 2018"]
[Site "Wurzburg"]
[Date "2018.10.06"]
[Round "6"]
[White "Ruhmke, Rebecca"]
[Black "Liu, Sijia Anna"]
[Result "1-0"]
[WhiteElo "1399"]
[BlackElo "1730"]
[Annotator "NA RC"]
[PlyCount "85"]
[EventDate "2018.10.03"]
[EventType "team-tourn"]
[EventCountry "GER"]
[SourceTitle "playchess.com"]
[Source "ChessBase"]
[SourceQuality "1"]
[TimeControl "40/5400+30:1800+30"]

1. e4 {[%emt 0:00:00]} c5 {[%emt 0:00:00]} 2. Nc3 {[%emt 0:00:00]} Nc6 {[%emt 0:00:00]} 3. g3 {[%emt 0:00:20]} g6 {[%emt 0:00:08]} 4. Bg2 {[%emt 0:00:33]} Bg7 {[%emt 0:00:33]} 5. f4 {[%emt 0:01:45]} e6 {[%emt 0:00:41]} 6. Nf3 {[%emt 0:01:52]} Nge7 {[%emt 0:01:05]} 7. O-O {[%emt 0:00:47]} O-O {[%emt 0:00:55]} 8. Ne2 {[%emt 0:08:47]} d5 {[%emt 0:04:08]} 9. e5 {[%emt 0:01:00]} b5 {[%emt 0:03:13]} 10. d3 {[%emt 0:02:14]} Bb7 {[%emt 0:02:52]} 11. g4 {[%emt 0:05:14]} Re8 {[%emt 0:04:23]} 12. Ng3 {[%emt 0:16:45]} f5 {[%emt 0:04:03]} 13. exf6 {[%emt 0:05:39]} Bxf6 {[%emt 0:00:20]} 14. Qe2 {[%emt 0:06:53]} Nd4 {[%emt 0:03:57]} 15. Nxd4 {[%emt 0:05:23]} Bxd4+ {[%emt 0:00:10]} 16. Kh1 {[%emt 0:00:17]} Nc6 {[%emt 0:02:24]} 17. c3 {[%emt 0:07:25]} Bg7 {[%emt 0:00:55]} 18. Qf2 {[%emt 0:02:59]} c4 {[%emt 0:09:32]} 19. d4 {[%emt 0:01:56]} b4 {[%emt 0:01:58]} 20. Bd2 {[%emt 0:09:11]} a5 {[%emt 0:03:06]} 21. Rae1 {[%emt 0:02:41]} Qd7 {[%emt 0:01:57]} 22. f5 {[%emt 0:03:29]} exf5 {[%emt 0:02:16]} 23. gxf5 {[%emt 0:01:12]} Rf8 {[%emt 0:01:29]} 24. Qf4 {[%emt 0:04:46]} Rf6 {[%emt 0:06:30]} 25. h4 {[%emt 0:03:27]} Raf8 {[%emt 0:02:01]} 26. Bh3 {[%emt 0:01:19]} Qf7 {[%emt 0:08:38]} 27. Qg4 {[%emt 0:03:55]} Bc8 {[%emt 0:03:56]} 28. Bg5 {[%emt 0:00:22]} gxf5 {[%emt 0:02:08]} 29. Qf4 {[%emt 0:01:06]} Rg6 {[%emt 0:02:39]} 30. Bxf5 {[%emt 0:00:19]} Qb7 {[%emt 0:05:18]} 31. h5 {[%emt 0:00:23]} h6 {[%emt 0:04:56]} 32. hxg6 {[%emt 0:00:18]} hxg5 {[%emt 0:01:04]} 33. Qxg5 {[%emt 0:00:01]} bxc3 {[%emt 0:02:52]} 34. Qh5 {[%emt 0:01:02]} Bxd4 {[%emt 0:00:50]} 35. bxc3 {[%emt 0:01:08]} Bxc3 {[%emt 0:01:58]} 36. Be6+ {[%emt 0:01:02]} Bxe6 {[%emt 0:01:02]} 37. Rxf8+ {[%emt 0:00:32]} Kxf8 {[%emt 0:00:32]} 38. Rxe6 {[%emt 0:00:33]} Bd4 {[%emt 0:03:48]} 39. Qxd5 {[%emt 0:01:15]} Qb1+ {[%emt 0:01:59]} 40. Kg2 {[%emt 0:00:26]} Qg1+ {[%emt 0:03:18]} 41. Kf3 {[%emt 0:31:34]} Ne5+ {[%emt 0:32:21]} 42. Rxe5 {[%emt 0:00:00]} Bxe5 {[%emt 0:00:00]} 43. Qf7# {[%emt 0:00:00]} 1-0

[Event "GER-chT Youth Countries 2018"]
[Site "Wurzburg"]
[Date "2018.10.06"]
[Round "6"]
[White "Zoellner, Bente"]
[Black "Keymer, Cecilia"]
[Result "1-0"]
[WhiteElo "1354"]
[BlackElo "1479"]
[Annotator "NA RC"]
[PlyCount "151"]
[EventDate "2018.10.03"]
[EventType "team-tourn"]
[EventCountry "GER"]
[SourceTitle "playchess.com"]
[Source "ChessBase"]
[SourceQuality "1"]
[TimeControl "40/5400+30:1800+30"]

1. d4 {[%emt 0:00:00]} d5 {[%emt 0:00:00]} 2. c4 {[%emt 0:00:00]} c6 {[%emt 0:00:00]} 3. Nf3 {[%emt 0:00:01]} Nf6 {[%emt 0:00:00]} 4. Bg5 {[%emt 0:00:21]} Ne4 {[%emt 0:02:19]} 5. Bh4 {[%emt 0:01:32]} h6 {[%emt 0:03:09]} 6. cxd5 {[%emt 0:02:03]} cxd5 {[%emt 0:00:31]} 7. Nfd2 {[%emt 0:01:45]} Nxd2 {[%emt 0:03:41]} 8. Nxd2 {[%emt 0:00:17]} Qb6 {[%emt 0:03:28]} 9. Nb3 {[%emt 0:02:11]} Bf5 {[%emt 0:03:29]} 10. e3 {[%emt 0:01:29]} e6 {[%emt 0:01:41]} 11. Bd3 {[%emt 0:00:35]} Bb4+ {[%emt 0:01:12]} 12. Ke2 {[%emt 0:01:48]} Bxd3+ {[%emt 0:05:05]} 13. Qxd3 {[%emt 0:00:29]} Qa6 {[%emt 0:06:38]} 14. Rhc1 {[%emt 0:03:14]} Qxd3+ {[%emt 0:02:25]} 15. Kxd3 {[%emt 0:00:12]} Nc6 {[%emt 0:00:48]} 16. f3 {[%emt 0:01:20]} O-O {[%emt 0:04:46]} 17. Nc5 {[%emt 0:02:49]} Bxc5 {[%emt 0:03:11]} 18. Rxc5 {[%emt 0:00:36]} Rac8 {[%emt 0:03:51]} 19. a3 {[%emt 0:03:50]} g5 {[%emt 0:04:58]} 20. Bg3 {[%emt 0:02:34]} Rfd8 {[%emt 0:02:39]} 21. Rac1 {[%emt 0:03:22]} Ne7 {[%emt 0:04:45]} 22. b4 {[%emt 0:08:21]} Nc6 {[%emt 0:04:40]} 23. b5 {[%emt 0:06:05]} Ne7 {[%emt 0:01:06]} 24. Bd6 {[%emt 0:05:15]} Rxc5 {[%emt 0:02:47]} 25. Bxc5 {[%emt 0:00:23]} Rc8 {[%emt 0:04:47]} 26. Rb1 {[%emt 0:02:33]} Nf5 {[%emt 0:03:09]} 27. Bxa7 {[%emt 0:02:05]} Ra8 {[%emt 0:02:05]} 28. Bc5 {[%emt 0:00:53]} Nh4 {[%emt 0:02:04]} 29. Rb2 {[%emt 0:01:42]} Kg7 {[%emt 0:01:58]} 30. Ra2 {[%emt 0:03:51]} Ra4 {[%emt 0:01:22]} 31. Bb4 {[%emt 0:00:50]} Ra7 {[%emt 0:02:40]} 32. a4 {[%emt 0:00:42]} Kf6 {[%emt 0:02:29]} 33. a5 {[%emt 0:01:00]} Nf5 {[%emt 0:02:05]} 34. Bc5 {[%emt 0:00:54]} Ra8 {[%emt 0:01:46]} 35. a6 {[%emt 0:00:24]} bxa6 {[%emt 0:02:23]} 36. Rxa6 {[%emt 0:01:15]} Rb8 {[%emt 0:00:34]} 37. b6 {[%emt 0:00:39]} h5 {[%emt 0:01:45]} 38. Ra7 {[%emt 0:00:58]} h4 {[%emt 0:02:27]} 39. Rc7 {[%emt 0:00:55]} Nd6 {[%emt 0:02:07]} 40. Bxd6 {[%emt 0:00:32]} Rxb6 {[%emt 0:00:58]} 41. Be5+ {[%emt 0:30:28]} Kg6 {[%emt 0:30:18]} 42. e4 {[%emt 0:00:52]} f6 {[%emt 0:01:21]} 43. exd5 {[%emt 0:04:26]} exd5 {[%emt 0:01:45]} 44. f4 {[%emt 0:04:29]} fxe5 {[%emt 0:01:51]} 45. fxe5 {[%emt 0:00:32]} Rb3+ {[%emt 0:01:55]} 46. Rc3 {[%emt 0:00:42]} Rb2 {[%emt 0:00:46]} 47. Rc2 {[%emt 0:00:16]} Rb3+ {[%emt 0:00:22]} 48. Ke2 {[%emt 0:00:07]} Rb4 {[%emt 0:00:43]} 49. Rd2 {[%emt 0:01:04]} Kf5 {[%emt 0:00:29]} 50. Kf2 {[%emt 0:03:08]} g4 {[%emt 0:01:06]} 51. Re2 {[%emt 0:01:56]} Ke6 {[%emt 0:01:32]} 52. Rd2 {[%emt 0:01:57]} Kf5 {[%emt 0:00:13]} 53. Ke2 {[%emt 0:03:13]} Ra4 {[%emt 0:01:06]} 54. Kd3 {[%emt 0:00:42]} Ra3+ {[%emt 0:00:30]} 55. Kc2 {[%emt 0:01:46]} Ra2+ {[%emt 0:00:46]} 56. Kc3 {[%emt 0:00:48]} Ra8 {[%emt 0:00:00]} 57. Rf2+ {[%emt 0:00:00]} Kg5 {[%emt 0:00:00]} 58. Kb4 {[%emt 0:00:00]} Rc8 {[%emt 0:00:00]} 59. e6 {[%emt 0:00:00]} Re8 {[%emt 0:00:00]} 60. Re2 {[%emt 0:00:00]} Kf6 {[%emt 0:00:00]} 61. e7 {[%emt 0:00:00]} Rxe7 {[%emt 0:00:00]} 62. Rxe7 {[%emt 0:00:00]} Kxe7 {[%emt 0:00:00]} 63. Kc5 {[%emt 0:00:00]} Ke6 {[%emt 0:00:00]} 64. Kc6 {[%emt 0:00:00]} Ke7 {[%emt 0:00:00]} 65. Kxd5 {[%emt 0:00:00]} Kd7 {[%emt 0:00:00]} 66. Ke5 {[%emt 0:00:00]} Ke7 {[%emt 0:00:00]} 67. d5 {[%emt 0:00:00]} Kd7 {[%emt 0:00:00]} 68. d6 {[%emt 0:00:00]} Kd8 {[%emt 0:00:00]} 69. Kf4 {[%emt 0:00:00]} g3 {[%emt 0:00:00]} 70. h3 {[%emt 0:00:00]} Kd7 {[%emt 0:00:00]} 71. Kg4 {[%emt 0:00:00]} Kxd6 {[%emt 0:00:00]} 72. Kxh4 {[%emt 0:00:00]} Ke6 {[%emt 0:00:00]} 73. Kxg3 {[%emt 0:00:00]} Kf5 {[%emt 0:00:00]} 74. Kf3 {[%emt 0:00:00]} Kg5 {[%emt 0:00:00]} 75. g4 {[%emt 0:00:00]} Kh4 {[%emt 0:00:00]} 76. Kf4 {[%emt 0:00:00]} 1-0

[Event "GER-chT Youth Countries 2018"]
[Site "Wurzburg"]
[Date "2018.10.07"]
[Round "7"]
[White "Parvanyan, Ashot"]
[Black "Kuznecovs, Nikita"]
[Result "1-0"]
[WhiteElo "2428"]
[BlackElo "2226"]
[Annotator "TA"]
[PlyCount "143"]
[EventDate "2018.10.03"]
[EventType "team-tourn"]
[EventCountry "GER"]
[SourceTitle "playchess.com"]
[Source "ChessBase"]
[SourceQuality "1"]

{[%evp 18,143,23,19,45,45,60,27,29,-11,-13,-18,14,12,37,40,31,31,61,59,55,48,54,61,58,56,83,60,60,60,73,27,60,31,48,15,24,16,88,53,116,108,100,108,133,133,208,148,172,149,168,118,118,118,175,54,365,118,365,365,468,447,634,431,399,470,445,431,460,438,461,431,431,414,414,414,399,399,431,431,431,431,423,408,408,281,1429,281,229,229,1338,1306,1306,952,2623,2504,1706,1704,1702,1689,9226,1462,1356,1282,8315,6622,29959,29960,29962,29962,29950,12758,11929,4622,4618,4618,29974,12835,4610,4602,29981,29982,29982,29983,29984,29985,29985,29986]} 1. Nf3 Nf6 2. c4 e6 3. g3 d5 4. Bg2 dxc4 5. O-O a6 6. Qc2 {A13: English Opening: 1...e6} (6. a4 Nc6 7. Qc2 Na5 8. Na3 Qd5 9. Rd1 Bd7 10. d4 Qf5 11. Bd2 Qxc2 12. Nxc2 Nb3 13. Ra2 Bc6 14. Ne5 Bd5 {½-½ (68) So,W (2810)-Ding,L (2777) Tbilisi 2017}) 6... b5 7. Ne1 Nd5 8. d3 cxd3 9. Nxd3 Bb7 10. Nc3 {LiveBook: 10 Games} Be7 11. Nxd5 $146 ({Predecessor:} 11. Rd1 Nd7 12. Nxd5 exd5 13. Nf4 Nb6 {½-½ (43) Berczes,D (2500)-Hong,A (2378) Philadelphia 2017}) 11... Bxd5 12. Bxd5 Qxd5 13. Be3 Bd6 14. Rfd1 O-O 15. Nc5 Qf5 16. Qxf5 exf5 17. Rac1 Re8 18. Nb7 Nd7 19. Nxd6 cxd6 20. Rxd6 Ne5 21. b3 Ng4 22. Bd4 Rxe2 {[#]} 23. Rxa6 $1 {[%mdl 512]} Rae8 (23... Rxa6 24. Rc8+) 24. Rac6 Rxa2 25. Rc8 {[%cal Rc8e8]} Ra8 26. Rxe8+ Rxe8 $14 {[%mdl 4096] Endgame KRB-KRN} 27. Rc5 Rb8 (27... f6 $11 {remains equal.}) 28. f3 Nf6 (28... Nh6 $1 $14) 29. Bxf6 $1 $16 gxf6 30. Rxf5 {KR-KR} Rc8 31. Rxb5 ({Much less strong is} 31. Rxf6 $6 Rc1+ 32. Kf2 Rb1 $14) 31... Rc2 (31... Rc1+ $16 {was necessary.} 32. Kg2 Rc2+ 33. Kh3 Rf2) 32. h4 Kg7 33. Kf1 Rb2 34. Rb8 h5 35. b4 f5 {[#]} 36. Rb6 (36. f4 $1 $18) 36... f6 $2 {[%mdl 8192]} (36... f4 $1 $14) 37. b5 $2 (37. Rb7+ $18 Kg6 38. b5) 37... Kg6 $2 (37... f4 $16) 38. f4 $18 Kg7 39. Rb7+ Kg6 (39... Kf8 $142 40. b6 Ke8 41. Rb8+ Ke7) 40. Rb8 Kf7 41. b6 Kg7 42. Ke1 Kf7 43. Kd1 Ke6 44. b7 Kd7 45. Rf8 Rxb7 46. Rxf6 Rb3 {[#]} 47. Rg6 $1 Rb2 48. Ke1 Ke7 49. Kf1 Kf7 50. Rh6 Kg7 51. Rxh5 Rb5 $2 (51... Kf6 52. Rg5 Rd2) 52. Ke2 $2 (52. Kg2 Kf6 53. Rg5) 52... Ra5 53. Rg5+ Kf7 $2 (53... Kf6 54. Kf2 Ra2+ 55. Kf3 Rb2) 54. Kf3 Ra3+ 55. Kg2 Ra2+ 56. Kh3 Ra5 57. h5 Kf6 58. Rg6+ Kf7 59. Kh4 (59. Rb6 $142 Kg7 60. Kh4) 59... Ra3 60. Rb6 Kg7 61. h6+ Kf7 62. h7 Kg7 {[#]} 63. h8=Q+ $1 Kxh8 64. Rb5 Kg7 65. Rxf5 Kg6 66. Rb5 Ra6 67. g4 (67. f5+ $142 Kh6 68. g4 Ra4 69. Rb6+ Kg7 70. Kg5 Ra7 71. f6+ Kf7 72. Rb5) 67... Kf6 68. g5+ Kg6 69. f5+ {[%cal Bf4f5,Bf5f6][%mdl 32] White mates.} Kg7 70. Rb7+ Kg8 71. Kh5 Rc6 72. f6 {Precision: White = 73%, Black = 36%.} 1-0

[Event "GER-chT Youth Countries 2018"]
[Site "Wurzburg"]
[Date "2018.10.07"]
[Round "7"]
[White "Gschnitzer, Adrian"]
[Black "Nothnagel, Marian Can"]
[Result "0-1"]
[WhiteElo "2363"]
[BlackElo "2341"]
[Annotator "ChessBase"]
[PlyCount "92"]
[EventDate "2018.10.03"]
[EventType "team-tourn"]
[EventCountry "GER"]
[SourceTitle "playchess.com"]
[Source "ChessBase"]
[SourceQuality "1"]
[TimeControl "40/5400+30:1800+30"]

1. e4 {[%emt 0:00:00]} e5 {[%emt 0:00:07]} 2. Nf3 {[%emt 0:00:06]} Nc6 {[%emt 0:00:04]} 3. Bc4 {[%emt 0:00:09]} Nf6 {[%emt 0:00:05]} 4. d3 {[%emt 0:00:07]} Be7 {[%emt 0:00:05]} 5. O-O {[%emt 0:00:11]} O-O {[%emt 0:00:09]} 6. Re1 {[%emt 0:00:18]} d6 {[%emt 0:00:07]} 7. a4 {[%emt 0:00:11]} Kh8 {[%emt 0:00:17]} 8. h3 {[%emt 0:27:11]} h6 {[%emt 0:01:16]} 9. Nbd2 {[%emt 0:02:20]} Nh7 {[%emt 0:06:13]} 10. Nf1 Ng5 {[%emt 0:06:41]} 11. Nxg5 {[%emt 0:08:10]} Bxg5 {[%emt 0:00:18]} 12. Bxg5 {[%emt 0:09:39]} Qxg5 {[%emt 0:00:07]} 13. Ng3 {[%emt 0:00:16]} Ne7 {[%emt 0:18:49]} 14. d4 {[%emt 0:13:34]} Ng6 {[%emt 0:02:20]} 15. dxe5 {[%emt 0:01:23]} dxe5 {[%emt 0:01:02]} 16. Qh5 {[%emt 0:01:17]} Qf6 {[%emt 0:01:56]} 17. Nf5 {[%emt 0:09:19]} Nf4 {[%emt 0:03:44]} 18. Qh4 {[%emt 0:01:32]} Bxf5 {[%emt 0:00:27]} 19. Qxf6 {[%emt 0:00:07]} gxf6 {[%emt 0:00:04]} 20. exf5 {[%emt 0:00:06]} Rg8 {[%emt 0:00:06]} 21. g3 {[%emt 0:00:05]} Nxh3+ {[%emt 0:00:07]} 22. Kg2 {[%emt 0:00:08]} Ng5 {[%emt 0:00:37]} 23. Rh1 {[%emt 0:07:02]} Kg7 {[%emt 0:00:56]} 24. Rh4 {[%emt 0:00:58]} Rad8 {[%emt 0:09:18]} 25. Bd3 {[%emt 0:01:42]} Rge8 {[%emt 0:01:37]} 26. f4 {[%emt 0:03:14]} e4 {[%emt 0:02:58]} 27. fxg5 {[%emt 0:00:52]} exd3 {[%emt 0:00:05]} 28. Rxh6 {[%emt 0:04:50]} fxg5 {[%emt 0:08:03]} 29. Rah1 {[%emt 0:00:12]} Rd6 {[%emt 0:00:30]} 30. Rxd6 {[%emt 0:08:44]} cxd6 {[%emt 0:00:04]} 31. cxd3 {[%emt 0:00:05]} Re3 {[%emt 0:02:06]} 32. Rd1 {[%emt 0:00:58]} g4 {[%emt 0:01:04]} 33. Kf2 {[%emt 0:01:01]} Rf3+ {[%emt 0:00:06]} 34. Kg2 {[%emt 0:00:07]} Rxf5 {[%emt 0:00:22]} 35. d4 {[%emt 0:00:39]} Rf3 {[%emt 0:01:08]} 36. Re1 {[%emt 0:00:52]} Rb3 {[%emt 0:00:13]} 37. Re4 {[%emt 0:00:19]} Rxb2+ {[%emt 0:00:26]} 38. Kf1 {[%emt 0:00:06]} f5 {[%emt 0:00:05]} 39. Re6 {[%emt 0:00:12]} Rb6 {[%emt 0:15:48]} 40. a5 {[%emt 0:00:38]} Ra6 {[%emt 0:00:08]} 41. Kf2 {[%emt 0:31:15]} Kf7 {[%emt 0:30:14]} 42. Rh6 {[%emt 0:00:00]} Rxa5 {[%emt 0:00:00]} 43. Ke3 {[%emt 0:00:00]} Ke7 {[%emt 0:00:00]} 44. Rh7+ {[%emt 0:00:00]} Ke6 {[%emt 0:00:00]} 45. Rxb7 {[%emt 0:00:00]} Ra3+ {[%emt 0:00:00]} 46. Kf2 {[%emt 0:00:00]} Kd5 {[%emt 0:00:00]} 0-1